000 00510nam a2200157 a 4500
001 000007172
005 20200929154103.0
008 920331s1990 pr 001 0 spa d
040 _aDO-SdBNP
_bspa
_cBNPHU
082 _annn
_bV299
245 0 0 _aVaria valeriana /
_ceditora ; María Teresa Arrarás Mir.
260 _aSan Juan, Puerto Rico :
_bInstituto de Cultura Puertorriqueña,
_c1990.
300 _a60 p. ;
_c22 cm.
653 0 _aAntonio Valero de Bernabe
700 1 _aArrarás Mir, María Teresa,
_eed.
_919918
999 _c6953
_d6953